Random Letterboxd Top 500 Films by Picture - Statistics

General Stats
  • This quiz has been taken 599 times
  • The average score is 6 of 16
Answer Stats
Picture Hint Answer % Correct
#220 | 1968 | ☆4.3 2001: A Space Odyssey
100%
#482 | 2016 | ☆4.1 Arrival
100%
#306 | 1985 | ☆4.2 Back to the Future
100%
#400 | 2010 | ☆4.2 Black Swan
100%
#436 | 2005 | ☆4.2 Brokeback Mountain
100%
#293 | 1995 | ☆4.2 Casino
100%
#107 | 2025 | ☆4.4 Chainsaw Man – The Movie: Reze Arc
100%
#115 | 1989 | ☆4.3 Dead Poets Society
100%
#131 | 2012 | ☆4.3 Django Unchained
100%
#239 | 2004 | ☆4.2 Eternal Sunshine of the Spotless Mind
100%
#226 | 2022 | ☆4.2 Everything Everywhere All at Once
100%
#161 | 2009 | ☆4.3 Fantastic Mr. Fox
100%
#434 | 1996 | ☆4.2 Fargo
100%
#197 | 1999 | ☆4.3 Fight Club
100%
#402 | 1994 | ☆4.2 Forrest Gump
100%
#473 | 2017 | ☆4.1 Get Out
100%
#391 | 2000 | ☆4.2 Gladiator
100%
#88 | 1997 | ☆4.4 Good Will Hunting
100%
#119 | 2024 | ☆4.3 I'm Still Here
100%
#38 | 2014 | ☆4.4 Interstellar
100%
#84 | 2000 | ☆4.4 In the Mood for Love
100%
#381 | 2019 | ☆4.2 Little Women
100%
#230 | 1927 | ☆4.2 Metropolis
100%
#214 | 1936 | ☆4.3 Modern Times
100%
#437 | 1998 | ☆4.2 Mulan
100%
#352 | 1959 | ☆4.2 North by Northwest
100%
#93 | 2003 | ☆4.4 Oldboy
100%
#427 | 2023 | ☆4.2 Past Lives
100%
#80 | 1997 | ☆4.4 Perfect Blue
100%
#303 | 2007 | ☆4.2 Persepolis
100%
#73 | 1997 | ☆4.4 Princess Mononoke
100%
#240 | 1994 | ☆4.2 Pulp Fiction
100%
#492 | 2022 | ☆4.1 Puss in Boots: The Last Wish
100%
#442 | 1981 | ☆4.2 Raiders of the Lost Ark
100%
#260 | 2007 | ☆4.2 Ratatouille
100%
#359 | 1953 | ☆4.2 Roman Holiday
100%
#47 | 1954 | ☆4.4 Sansho the Bailiff
100%
#470 | 1983 | ☆4.1 Scarface
100%
#12 | 1993 | ☆4.5 Schindler's List
100%
#5 | 1954 | ☆4.6 Seven Samurai
100%
#68 | 2018 | ☆4.4 Spider-Man: Into the Spider-Verse
100%
#35 | 2001 | ☆4.4 Spirited Away
100%
#24 | 2008 | ☆4.5 The Dark Knight
100%
#122 | 2006 | ☆4.3 The Departed
100%
#15 | 1972 | ☆4.5 The Godfather
100%
#7 | 1974 | ☆4.6 The Godfather Part II
100%
#234 | 2014 | ☆4.2 The Grand Budapest Hotel
100%
#422 | 1963 | ☆4.2 The Great Escape
100%
#187 | 1999 | ☆4.3 The Green Mile
100%
#2 | 1961 | ☆4.6 The Human Condition III: A Soldier's Prayer
100%
#78 | 2001 | ☆4.4 The Lord of the Rings: The Fellowship of the Ring
100%
#45 | 2002 | ☆4.4 The Lord of the Rings: The Two Towers
100%
#386 | 1999 | ☆4.2 The Matrix
100%
#59 | 2002 | ☆4.4 The Pianist
100%
#280 | 1980 | ☆4.2 The Raging Bull
100%
#8 | 1994 | ☆4.6 The Shawshank Redemption
100%
#274 | 1980 | ☆4.2 The Shining
100%
#247 | 1965 | ☆4.2 The Sound of Music
100%
#366 | 1999 | ☆4.2 The Straight Story
100%
#275 | 1958 | ☆4.2 Vertigo
100%
#48 | 2014 | ☆4.4 Whiplash
100%
#77 | 1966 | ☆4.4 Persona
92%
#3 | 1957 | ☆4.6 12 Angry Men
90%
#423 | 1977 | ☆4.2 Star Wars
89%
#276 | 1998 | ☆4.2 The Truman Show
88%
#113 | 1952 | ☆4.3 Singin' in the Rain
86%
#16 | 1952 | ☆4.5 Ikiru
83%
#269 | 2010 | ☆4.2 Inception
83%
#11 | 2003 | ☆4.5 The Lord of The Rings: The Return of the King
83%
#46 | 1928 | ☆4.4 The Passion of Joan of Arc
83%
#1 | 1962 | ☆4.7 Harakiri
80%
#477 | 2004 | ☆4.1 Harry Potter and the Prisoner of Azkaban
80%
#39 | 1946 | ☆4.4 It's a Wonderful Life
80%
#224 | 1998 | ☆4.3 Saving Private Ryan
80%
#158 | 2006 | ☆4.3 Children of Men
75%
#314 | 2025 | ☆4.2 Hamnet
75%
#483 | 2010 | ☆4.1 How to Train Your Dragon
75%
#37 | 2010 | ☆4.4 Incendies
75%
#99 | 2009 | ☆4.4 Inglourious Basterds
75%
#227 | 1969 | ☆4.2 Kes
75%
#288 | 2003 | ☆4.2 Kill Bill: Vol. 1
75%
#66 | 1962 | ☆4.4 Lawrence of Arabia
75%
#382 | 2000 | ☆4.2 Memento
75%
#95 | 1975 | ☆4.4 One Flew Over the Cuckoo’s Nest
75%
#415 | 2023 | ☆4.2 Oppenheimer
75%
#89 | 1984 | ☆4.4 Paris, Texas
75%
#466 | 1992 | ☆4.1 Reservoir Dogs
75%
#324 | 2022 | ☆4.2 RRR
75%
#387 | 2010 | ☆4.2 Shutter Island
75%
#371 | 1986 | ☆4.2 Stand by Me
75%
#232 | 1957 | ☆4.2 The Bridge on the River Kwai
75%
#163 | 1980 | ☆4.3 The Elephant Man
75%
#270 | 1994 | ☆4.2 The Lion King
75%
#121 | 1991 | ☆4.3 The Silence of the Lambs
75%
#94 | 1995 | ☆4.4 Se7en
71%
#130 | 1940 | ☆4.3 The Great Dictator
71%
#289 | 2022 | ☆4.2 Aftersun
67%
#40 | 1979 | ☆4.4 Apocalypse Now
67%
#19 | 1988 | ☆4.5 Cinema Paradiso
67%
#127 | 1931 | ☆4.3 City Lights
67%
#65 | 1989 | ☆4.4 Do the Right Thing
67%
#30 | 1990 | ☆4.5 GoodFellas
67%
#61 | 1997 | ☆4.4 Life Is Beautiful
67%
#298 | 2006 | ☆4.2 Little Miss Sunshine
67%
#167 | 1931 | ☆4.3 M
67%
#447 | 2025 | ☆4.1 Marty Supreme
67%
#212 | 2001 | ☆4.3 Mulholland Drive
67%
#435 | 2006 | ☆4.2 Pan's Labyrinth
67%
#14 | 2019 | ☆4.5 Parasite
67%
#33 | 1957 | ☆4.4 Paths of Glory
67%
#471 | 2005 | ☆4.1 Pride & Prejudice
67%
#294 | 1968 | ☆4.2 Rosemary's Baby
67%
#56 | 2023 | ☆4.4 Spider-Man: Across the Spider-Verse
67%
#445 | 1974 | ☆4.2 The Conversation
67%
#64 | 1980 | ☆4.4 The Empire Strikes Back
67%
#188 | 1999 | ☆4.3 The Iron Giant
67%
#304 | 1921 | ☆4.2 The Kid
67%
#29 | 2007 | ☆4.5 There Will Be Blood
67%
#468 | 1964 | ☆4.1 The Umbrellas of Cherbourg
67%
#120 | 1994 | ☆4.3 Three Colours: Red
67%
#368 | 1962 | ☆4.2 What Ever Happened to Baby Jane?
67%
#341 | 1988 | ☆4.2 My Neighbor Totoro
63%
#22 | 1991 | ☆4.5 A Brighter Summer Day
60%
#379 | 1976 | ☆4.2 All the President's Men
60%
#106 | 1984 | ☆4.4 Amadeus
60%
#433 | 1998 | ☆4.2 American History X
60%
#155 | 1995 | ☆4.3 Before Sunrise
60%
#344 | 2009 | ☆4.2 Coraline
60%
#407 | 2015 | ☆4.2 Mad Max: Fury Road
60%
#137 | 1975 | ☆4.3 Mirror
60%
#50 | 2019 | ☆4.4 Portrait of a Lady on Fire
60%
#147 | 1960 | ☆4.3 Psycho
60%
#195 | 1959 | ☆4.3 Some Like It Hot
60%
#292 | 1978 | ☆4.2 The Deer Hunter
60%
#136 | 1992 | ☆4.3 Twin Peaks: Fire Walk With Me
60%
#199 | 1966 | ☆4.3 Who’s Afraid of Virginia Woolf?
60%
#209 | 1946 | ☆4.3 A Matter of Life and Death
57%
#413 | 1995 | ☆4.2 Fallen Angels
57%
#454 | 1969 | ☆4.1 Midnight Cowboy
57%
#148 | 2023 | ☆4.3 Perfect Days
57%
#42 | 1950 | ☆4.4 Sunset Boulevard
57%
#145 | 1985 | ☆4.3 Tampopo
57%
#302 | 1991 | ☆4.2 Thelma & Louise
57%
#192 | 1951 | ☆4.3 Ace in the Hole
50%
#221 | 1979 | ☆4.3 Alien
50%
#350 | 2001 | ☆4.2 Amélie
50%
#101 | 1969 | ☆4.4 Army of Shadows
50%
#91 | 2011 | ☆4.4 A Separation
50%
#23 | 1978 | ☆4.5 Autumn Sonata
50%
#403 | 1969 | ☆4.2 Butch Cassidy and the Sundance Kid
50%
#190 | 1942 | ☆4.3 Casablanca
50%
#168 | 1945 | ☆4.3 Children of Paradise
50%
#185 | 1994 | ☆4.3 Chungking Express
50%
#10 | 2002 | ☆4.6 City of God
50%
#53 | 1990 | ☆4.4 Close-Up
50%
#286 | 1972 | ☆4.2 Cries and Whispers
50%
#194 | 1997 | ☆4.3 Cure
50%
#451 | 1954 | ☆4.1 Dial M for Murder
50%
#151 | 1975 | ☆4.3 Dog Day Afternoon
50%
#85 | 2024 | ☆4.4 Dune: Part Two
50%
#71 | 1993 | ☆4.4 Farewell My Concubine
50%
#308 | 1937 | ☆4.2 Grand Illusion
50%
#6 | 1963 | ☆4.6 High and Low
50%
#393 | 1934 | ☆4.2 It Happened One Night
50%
#463 | 1989 | ☆4.1 Kiki's Delivery Service
50%
#202 | 1960 | ☆4.3 La Dolce Vita
50%
#21 | 1995 | ☆4.5 La Haine
50%
#277 | 1967 | ☆4.2 Le Samouraï
50%
#340 | 2005 | ☆4.2 Linda Linda Linda
50%
#198 | 2024 | ☆4.3 Look Back
50%
#76 | 2008 | ☆4.4 Love Exposure
50%
#235 | 2021 | ☆4.2 Marcel the Shell with Shoes On
50%
#329 | 2016 | ☆4.2 Moonlight
50%
#488 | 2017 | ☆4.1 Paddington 2
50%
#133 | 2013 | ☆4.3 Prisoners
50%
#87 | 1924 | ☆4.4 Sherlock Jr.
50%
#201 | 2014 | ☆4.3 Song of the Sea
50%
#90 | 2004 | ☆4.4 Swing Girls
50%
#41 | 1960 | ☆4.4 The Apartment
50%
#31 | 1966 | ☆4.5 The Battle of Algiers
50%
#222 | 1966 | ☆4.3 The Face of Another
50%
#338 | 1926 | ☆4.2 The General
50%
#72 | 2016 | ☆4.4 The Handmaiden
50%
#452 | 2011 | ☆4.1 The Intouchables
50%
#250 | 1982 | ☆4.2 The King of Comedy
50%
#178 | 1962 | ☆4.3 The Man Who Shot Liberty Valance
50%
#54 | 1948 | ☆4.4 The Red Shoes
50%
#128 | 1957 | ☆4.3 The Seventh Seal
50%
#319 | 1973 | ☆4.2 The Sting
50%
#465 | 1966 | ☆4.1 The Sword of Doom
50%
#103 | 1953 | ☆4.4 The Wages of Fear
50%
#301 | 2024 | ☆4.2 The Wild Robot
50%
#421 | 1961 | ☆4.2 Through a Glass Darkly
50%
#229 | 2003 | ☆4.2 Tokyo Godfathers
50%
#374 | 1995 | ☆4.2 Whisper of the Heart
50%
#150 | 1987 | ☆4.3 Wings of Desire
50%
#265 | 2016 | ☆4.2 Your Name.
50%
#262 | 1980 | ☆4.2 Kagemusha
43%
#27 | 1997 | ☆4.5 Neon Genesis Evangelion: The End of Evangelion
43%
#63 | 1979 | ☆4.4 Stalker
43%
#430 | 1960 | ☆4.2 The Virgin Spring
43%
#420 | 2013 | ☆4.2 12 Years a Slave
40%
#183 | 1988 | ☆4.3 Akira
40%
#4 | 1985 | ☆4.6 Come and See
40%
#49 | 1982 | ☆4.4 Fanny and Alexander
40%
#104 | 2004 | ☆4.4 Howl’s Moving Castle
40%
#459 | 1975 | ☆4.1 Monty Python and the Holy Grail
40%
#146 | 2007 | ☆4.3 No Country for Old Men
40%
#487 | 1974 | ☆4.1 Phantom of the Paradise
40%
#213 | 2013 | ☆4.3 The Tale of The Princess Kaguya
40%
#196 | 1957 | ☆4.3 Throne of Blood
40%
#13 | 2000 | ☆4.5 Yi Yi
40%
#249 | 1965 | ☆4.2 For a Few Dollars More
38%
#388 | 1930 | ☆4.2 All Quiet on the Western Front
33%
#92 | 1959 | ☆4.4 Apur Sansar
33%
#431 | 2023 | ☆4.2 Blue Giant
33%
#309 | 1997 | ☆4.2 Boogie Nights
33%
#105 | 1998 | ☆4.4 Central Station
33%
#160 | 1974 | ☆4.3 Chinatown
33%
#364 | 1941 | ☆4.2 Citizen Kane
33%
#157 | 1964 | ☆4.3 Dr. Strangelove or: How I Learned to Stop Worrying and Love the Bomb
33%
#177 | 2021 | ☆4.3 Evangelion: 3.0+1.0 Thrice Upon a Time
33%
#26 | 1988 | ☆4.5 Grave of the Fireflies
33%
#385 | 2014 | ☆4.2 Güeros
33%
#310 | 2000 | ☆4.2 Joint Security Area
33%
#259 | 2004 | ☆4.2 Kamikaze Girls
33%
#96 | 1988 | ☆4.4 Landscape in the Mist
33%
#52 | 2003 | ☆4.4 Memories of Murder
33%
#347 | 2025 | ☆4.2 One Battle After Another
33%
#81 | 1973 | ☆4.4 Paper Moon
33%
#320 | 1967 | ☆4.2 PlayTime
33%
#443 | 2014 | ☆4.2 Pride
33%
#414 | 2013 | ☆4.2 Short Term 12
33%
#152 | 2023 | ☆4.3 Sing Sing
33%
#307 | 2019 | ☆4.2 Sound of Metal
33%
#245 | 2006 | ☆4.2 The Fall
33%
#172 | 2020 | ☆4.3 The Father
33%
#228 | 2022 | ☆4.2 The First Slam Dunk
33%
#446 | 1968 | ☆4.2 The Great Silence
33%
#179 | 2012 | ☆4.3 The Hunt
33%
#300 | 1971 | ☆4.2 The Last Picture Show
33%
#189 | 2006 | ☆4.3 The Prestige
33%
#404 | 1973 | ☆4.2 The Spirit of the Beehive
33%
#110 | 1982 | ☆4.4 The Thing
33%
#62 | 1957 | ☆4.4 Witness for the Prosecution
33%
#497 | 1985 | ☆4.1 After Hours
29%
#321 | 2016 | ☆4.2 A Silent Voice: The Movie
29%
#142 | 2004 | ☆4.3 Before Sunset
29%
#333 | 1987 | ☆4.2 Full Metal Jacket
29%
#218 | 2025 | ☆4.3 I Swear
29%
#154 | 1959 | ☆4.3 The 400 Blows
29%
#448 | 1989 | ☆4.1 The Killer
29%
#285 | 2001 | ☆4.2 Y Tu Mamá También
29%
#476 | 2009 | ☆4.1 3 Idiots
25%
#237 | 2007 | ☆4.2 4 Months, 3 Weeks and 2 Days
25%
#365 | 1999 | ☆4.2 All About My Mother
25%
#111 | 1956 | ☆4.3 A Man Escaped
25%
#118 | 1977 | ☆4.3 A Special Day
25%
#173 | 1948 | ☆4.3 Bicycle Thieves
25%
#166 | 1975 | ☆4.3 Dersu Uzala
25%
#284 | 1997 | ☆4.2 Happy Together
25%
#156 | 1995 | ☆4.3 Heat
25%
#205 | 1975 | ☆4.3 Jeanne Dielman, 23, quai du Commerce, 1080 Bruxelles
25%
#108 | 1961 | ☆4.4 Judgment at Nuremberg
25%
#418 | 2002 | ☆4.2 Lilya 4-ever
25%
#51 | 1985 | ☆4.4 Mishima: A Life in Four Chapters
25%
#346 | 2016 | ☆4.2 My Life as a Zucchini
25%
#290 | 2004 | ☆4.2 Mysterious Skin
25%
#272 | 1984 | ☆4.2 Once Upon a Time in America
25%
#361 | 1959 | ☆4.2 Rio Bravo
25%
#455 | 1962 | ☆4.1 Sanjuro
25%
#283 | 1968 | ☆4.2 Shame
25%
#440 | 2023 | ☆4.2 Society of the Snow
25%
#44 | 1977 | ☆4.4 The Ascent
25%
#32 | 1957 | ☆4.5 The Cranes Are Flying
25%
#223 | 2023 | ☆4.3 The Holdovers
25%
#253 | 1943 | ☆4.2 The Life and Death of Colonel Blimp
25%
#242 | 1949 | ☆4.2 The Third Man
25%
#74 | 2025 | ☆4.4 The Voice of Hind Rajab
25%
#377 | 1984 | ☆4.2 Threads
25%
#273 | 1996 | ☆4.2 Trainspotting
25%
#419 | 2000 | ☆4.2 Vampire Hunter D: Bloodlust
25%
#126 | 1957 Wild Strawberries
25%
#252 | 1962 | ☆4.2 An Autumn Afternoon
22%
#317 | 2017 | ☆4.2 A Taxi Driver
20%
#67 | 1974 | ☆4.4 A Woman Under the Influence
20%
#60 | 1975 | ☆4.4 Barry Lyndon
20%
#398 | 1972 | ☆4.2 Cabaret
20%
#426 | 1967 | ☆4.2 Cool Hand Luke
20%
#478 | 1982 | ☆4.1 Fitzcarraldo
20%
#112 | 2024 | ☆4.3 How to Make Millions Before Grandma Dies
20%
#489 | 2022 | ☆4.1 Hundreds of Beavers
20%
#171 | 2013 | ☆4.3 Puella Magi Madoka Magica the Movie Part III: Rebellion
20%
#238 | 2020 | ☆4.2 Quo Vadis, Aida?
20%
#472 | 1948 | ☆4.1 Rope
20%
#82 | 1974 | ☆4.4 Scenes from a Marriage
20%
#231 | 1946 | ☆4.2 The Best Years of Our Lives
20%
#335 | 1970 | ☆4.2 The Conformist
20%
#362 | 1973 | ☆4.2 The Long Goodbye
20%
#215 | 1955 | ☆4.3 The Night of the Hunter
20%
#216 | 1952 | ☆4.3 Umberto D.
20%
#327 | 1957 | ☆4.2 A Face in the Crowd
17%
#405 | 2001 | ☆4.2 All About Lily Chou-Chou
17%
#181 | 2006 | ☆4.3 Azur & Asmar: The Princes’ Quest
17%
#424 | 1959 | ☆4.2 Hiroshima Mon Amour
17%
#406 | 1954 | ☆4.2 On the Waterfront
17%
#164 | 1977 | ☆4.3 Opening Night
17%
#318 | 1950 | ☆4.2 Rashomon
17%
#117 | 2008 | ☆4.3 Still Walking
17%
#380 | 1927 | ☆4.2 Sunrise: A Song of Two Humans
17%
#170 | 1986 | ☆4.3 The Sacrifice
17%
#399 | 2008 | ☆4.2 Tokyo Sonata
17%
#499 | 1949 | ☆4.1 White Heat
17%
#28 | 1964 | ☆4.5 Woman in the Dunes
17%
#375 | 1962 | ☆4.2 Cléo from 5 to 7
14%
#337 | 1993 | ☆4.2 In the Name of the Father
14%
#123 | 1949 | ☆4.3 Late Spring
14%
#491 | 1993 | ☆4.1 Short Cuts
14%
#441 | 1925 | ☆4.2 The Gold Rush
14%
#243 | 1964 | ☆4.2 Kwaidan
13%
#336 | 1994 | ☆4.2 Through the Olive Trees
10%
#498 | 2023 | ☆4.1 12th Fall
0%
#450 | 1977 | ☆4.1 3 Women
0%
#191 | 1963 | ☆4.3
0%
#484 | 2009 | ☆4.1 About Elly
0%
#295 | 2000 | ☆4.2 A Dog's Will
0%
#411 | 1998 | ☆4.2 After Life
0%
#425 | 1974 | ☆4.2 Alice in the Cities
0%
#384 | 1974 | ☆4.2 Ali: Fear Eats the Soul
0%
#100 | 1950 | ☆4.4 All About Eve
0%
#116 | 1979 | ☆4.3 All That Jazz
0%
#372 | 2000 | ☆4.2 Amores Perros
0%
#258 | 2012 | ☆4.2 Amour
0%
#233 | 1959 | ☆4.2 Anatomy of a Murder
0%
#36 | 1966 | ☆4.4 Andrei Rublev
0%
#83 | 2018 | ☆4.4 An Elephant Sitting Still
0%
#211 | 1956 | ☆4.3 Aparajito
0%
#358 | 2009 | ☆4.2 A Prophet
0%
#313 | 1987 | ☆4.2 Au Revoir les Enfants
0%
#373 | 2019 | ☆4.2 Better Days
0%
#460 | 1996 | ☆4.1 Breaking the Waves
0%
#134 | 1945 | ☆4.3 Brief Encounter
0%
#299 | 2018 | ☆4.2 Capernaum
0%
#428 | 2003 | ☆4.2 Carandiru
0%
#311 | 1997 | ☆4.2 Children of Heaven
0%
#493 | 2021 | ☆4.1 C'mon C'mon
0%
#325 | 1996 | ☆4.2 Comrades, Almost a Love Story
0%
#287 | 1976 | ☆4.2 Cria!
0%
#281 | 2000 | ☆4.2 Dancer in the Dark
0%
#132 | 1981 | ☆4.3 Das Boot
0%
#354 | 1973 | ☆4.2 Day for Night
0%
#357 | 1955 | ☆4.2 Diabolique
0%
#348 | 2003 | ☆4.2 Dogville
0%
#217 | 1944 | ☆4.3 Double Indemnity
0%
#257 | 1990 | ☆4.2 Dreams
0%
#323 | 2021 | ☆4.2 Drive My Car
0%
#449 | 1994 | ☆4.1 Eat Drink Man Woman
0%
#268 | 2015 | ☆4.2 Embrace of the Serpent
0%
#394 | 2012 | ☆4.2 Ernest & Celestine
0%
#69 | 1998 | ☆4.4 Eternity and a Day
0%
#193 | 1964 | ☆4.3 Fail Safe
0%
#486 | 2023 | ☆4.1 Falling in Love Like in Movies
0%
#480 | 1926 | ☆4.1 Faust
0%
#278 | 1997 | ☆4.2 Fireworks
0%
#129 | 1969 | ☆4.3 Funeral Parade of Roses
0%
#339 | 2012 | ☆4.2 Gangs of Wasseypur – Part 2
0%
#315 | 1959 | ☆4.2 Good Morning
0%
#331 | 2024 | ☆4.2 HAIKYU!! The Dumpster Battle
0%
#376 | 1992 | ☆4.2 Hard Boiled
0%
#328 | 2013 | ☆4.2 Hope
0%
#34 | 1964 | ☆4.4 I Am Cuba
0%
#461 | 2017 | ☆4.1 I Dream in Another Language
0%
#219 | 1962 | ☆4.3 Il Sorpasso
0%
#334 | 1950 | ☆4.2 In a Lonely Place
0%
#495 | 1967 | ☆4.1 In Cold Blood
0%
#207 | 2003 | ☆4.3 Interstella 5555: The 5tory of the 5ecret 5tar 5ystem
0%
#312 | 1970 | ☆4.2 Investigation of a Citizen Above Suspicion
0%
#98 | 2012 | ☆4.4 It’s Such a Beautiful Day
0%
#342 | 1962 | ☆4.2 Ivan's Childhood
0%
#345 | 2022 | ☆4.2 Joyland
0%
#351 | 2019 | ☆4.2 Klaus
0%
#356 | 2019 | ☆4.2 Kumbalangi Nights
0%
#175 | 1961 | ☆4.3 La Notte
0%
#370 | 1954 | ☆4.2 La Strada
0%
#481 | 1965 | ☆4.1 Le Bonheur
0%
#296 | 1970 | ☆4.2 Le Cercle Rouge
0%
#20 | 1960 | ☆4.5 Le Trou
0%
#186 | 1992 | ☆4.3 Life, and Nothing More...
0%
#378 | 2013 | ☆4.2 Like Father, Like Son
0%
#330 | 1984 | ☆4.2 Love Streams
0%
#244 | 1960 | ☆4.2 Macario
0%
#267 | 1999 | ☆4.2 Magnolia
0%
#180 | 1992 | ☆4.3 Malcolm X
0%
#204 | 2009 | ☆4.3 Mary and Max
0%
#474 | 1971 | ☆4.1 McCabe & Mrs. Miller
0%
#305 | 2024 | ☆4.2 Melyazhagan
0%
#417 | 2024 | ☆4.2 Memoir of a Snail
0%
#256 | 2001 | ☆4.2 Millennium Actress
0%
#326 | 2004 | ☆4.2 Mind Game
0%
#143 | 2014 | ☆4.3 Mommy
0%
#125 | 2023 | ☆4.3 Monster
0%
#395 | 2009 | ☆4.2 Mother
0%
#490 | 1939 | ☆4.1 Mr. Smith Goes to Washington
0%
#438 | 2015 | ☆4.2 Mustang
0%
#412 | 1969 | ☆4.2 My Night at Maud's
0%
#401 | 1975 | ☆4.2 Nashville
0%
#353 | 1984 | ☆4.2 Nausicaä of the Valley of the Wind
0%
#210 | 1976 | ☆4.3 Network
0%
#322 | 2017 | ☆4.2 Night Is Short, Walk On Girl
0%
#58 | 1957 | ☆4.4 Night of Cabiria
0%
#464 | 2000 | ☆4.1 Nine Queens
0%
#70 | 2025 | ☆4.4 Nirvanna the Band the Show the Movie
0%
#57 | 2004 | ☆4.4 Nobody Knows
0%
#182 | 1983 | ☆4.3 Nostalgia
0%
#392 | 2011 | ☆4.2 Once Upon a Time in Anatolia
0%
#75 | 1968 | ☆4.4 Once Upon a Time in the West
0%
#494 | 1977 | ☆4.1 One Sings, the Other Doesn't
0%
#109 | 1955 | ☆4.4 Ordet
0%
#500 | 2015 | ☆4.1 Our Little Sister
0%
#139 | 1955 | ☆4.3 Pather Panchali
0%
#409 | 2017 | ☆4.2 Phantom Thread
0%
#462 | 1982 | ☆4.1 Pink Floyd: The Wall
0%
#332 | 1980 | ☆4.2 Pixote
0%
#248 | 2010 | ☆4.2 Poetry
0%
#444 | 1971 | ☆4.2 Punishment Park
0%
#114 | 1991 | ☆4.3 Raise the Red Lantern
0%
#17 | 1985 | ☆4.5 Ran
0%
#97 | 1954 | ☆4.4 Rear Window
0%
#55 | 1965 | ☆4.4 Red Beard
0%
#203 | 1955 | ☆4.3 Rififi
0%
#200 | 2000 | ☆4.3 Ritual
0%
#138 | 1960 | ☆4.3 Rocco and His Brothers
0%
#389 | 1945 | ☆4.2 Rome, Open City
0%
#79 | 1994 | ☆4.4 Sátántangó
0%
#456 | 1966 | ☆4.1 Seconds
0%
#176 | 1996 | ☆4.3 Secrets & Lies
0%
#383 | 2025 | ☆4.2 Sentimental Value
0%
#153 | 2018 | ☆4.3 Shoplifters
0%
#429 | 2011 | ☆4.2 Silenced
0%
#264 | 1972 | ☆4.2 Solaris
0%
#241 | 1981 | ☆4.2 Son of the White Mare
0%
#206 | 1977 | ☆4.3 Sorcerer
0%
#479 | 2024 | ☆4.1 Souleymane's Story
0%
#349 | 2003 | ☆4.2 Spring, Summer, Fall, Winter... and Spring
0%
#236 | 1957 | ☆4.2 Sweet Smell of Success
0%
#410 | 2008 | ☆4.2 Synecdoche, New York
0%
#135 | 1997 | ☆4.3 Taste of Cherry
0%
#174 | 1991 | ☆4.3 Terminator 2: Judgment Day
0%
#457 | 1986 | ☆4.1 Terrorizers
0%
#496 | 1972 | ☆4.1 The Bitter Tears of Petra von Kant
0%
#141 | 1998 | ☆4.3 The Celebration
0%
#416 | 1961 | ☆4.2 The Children's Hour
0%
#485 | 1969 | ☆4.1 The Color of Pomegranates
0%
#363 | 1989 | ☆4.2 The Cook, the Thief, His Wife & Her Lover
0%
#162 | 1969 | ☆4.3 The Cremator
0%
#266 | 1971 | ☆4.2 The Devils
0%
#390 | 1962 | ☆4.2 The Exterminating Angel
0%
#369 | 1963 | ☆4.2 The Fire Within
0%
#18 | 1966 | ☆4.5 The Good, The Bad and The Ugly
0%
#343 | 1940 | ☆4.2 The Grapes of Wrath
0%
#408 | 1986 | ☆4.2 The Green Ray
0%
#458 | 1958 | ☆4.1 The Hidden Fortress
0%
#25 | 1959 | ☆4.5 The Human Condition II: Road to Eternity
0%
#9 | 1959 | ☆4.6 The Human Condition I: No Greater Love
0%
#453 | 1963 | ☆4.1 The Leopard
0%
#169 | 2006 | ☆4.3 The Lives of Others
0%
#251 | 1991 | ☆4.2 The Lovers on the Bridge
0%
#279 | 1974 | ☆4.2 The Man Who Sleeps
0%
#469 | 2023 | ☆4.1 There's Still Tomorrow
0%
#360 | 2003 | ☆4.2 The Return
0%
#397 | 2015 | ☆4.2 The Second Mother
0%
#246 | 2009 | ☆4.2 The Secret in Their Eyes
0%
#475 | 1963 | ☆4.1 The Servant
0%
#367 | 1940 | ☆4.2 The Shop Around the Corner
0%
#165 | 1948 | ☆4.3 The Treasure of the Sierra Madre
0%
#261 | 2011 | ☆4.2 The Turin Horse
0%
#271 | 2009 | ☆4.2 The White Ribbon
0%
#439 | 2018 | ☆4.2 The Wolf House
0%
#282 | 1950 | ☆4.2 The Young and the Damned
0%
#140 | 1967 | ☆4.3 The Young Girls of Rochefort
0%
#291 | 1969 | ☆4.2 They Shoot Horses, Don't They?
0%
#432 | 1993 | ☆4.2 Three Colours: Blue
0%
#255 | 1988 | ☆4.2 Time of the Gypsies
0%
#124 | 1942 | ☆4.3 To Be or Not to Be
0%
#43 | 1953 | ☆4.4 Tokyo Story
0%
#396 | 1958 | ☆4.2 Touch of Evil
0%
#208 | 1953 | ☆4.3 Ugetsu
0%
#144 | 1995 | ☆4.3 Underground
0%
#316 | 1992 | ☆4.2 Unforgiven
0%
#254 | 2008 | ☆4.2 WALL·E
0%
#184 | 1974 | ☆4.3 We All Loved Each Other So Much
0%
#86 | 1987 | ☆4.4 Where Is the Friend’s House?
0%
#355 | 2010 | ☆4.2 Who Killed Captain Alex?
0%
#467 | 2014 | ☆4.1 Wild Tales
0%
#225 | 1963 | ☆4.3 Winter Light
0%
#297 | 2014 | ☆4.2 Winter Sleep
0%
#263 | 2020 | ☆4.2 Wolfwalkers
0%
#149 | 2000 | ☆4.3 Wreckmeister Harmonies
0%
#159 | 1961 | ☆4.3 Yojimbo
0%
#102 | 1969 | ☆4.4 Z
0%
No matching quizzes found
Score Distribution
Percent of People with Each Score
Percentile by Number Answered
Your Score History
You have not taken this quiz